000 00666cam a22002413a 4500
001 31523
003 PGUSA
005 20140828083700.0
008 100306s2010||||xxu|||||s|||||000 1 eng d
040 _aPGUSA
_beng
042 _adc
050 4 _aPS
100 1 _aHolden, Fox B.
245 1 4 _aThe Women-Stealers of Thrayx
_h[electronic resource] /
_cFox B. Holden
260 _bProject Gutenberg,
_c2010
506 _aPublic domain in the USA.
516 _aElectronic text
653 _aScience fiction
653 _aLife on other planets -- Fiction
830 0 _aProject Gutenberg
_v31523
856 4 0 _uhttp://www.gutenberg.org/ebooks/31523
942 _cEB
999 _c260778
_d260778